Projektfinanzierung wirtschaftliche und rechtliche Aspekte einer Finanzierungsmethode für Grossprojekte

Salvato in:
Dettagli Bibliografici
Altri autori: Backhaus, Klaus, Werthschulte, Holger
Natura: Libro
Lingua:tedesco
Pubblicazione: Stuttgart Schäffer-Poeschel Verlag 2003
Edizione:2. völlig neu bearbeitete und erweiterte Auflage
Soggetti:
Tags: Aggiungi Tag
Nessun Tag, puoi essere il primo ad aggiungerne!!

MARC

LEADER 00000nam a2200000 4500
001 0121569
005 20240104133059.4
020 |a 3-7910-2055-2 
041 0 |a ger 
044 |a DE 
245 1 0 |a Projektfinanzierung  |b wirtschaftliche und rechtliche Aspekte einer Finanzierungsmethode für Grossprojekte  |c Klaus Backhaus, Holger Werthschulte 
250 |a 2. völlig neu bearbeitete und erweiterte Auflage 
264 1 |a Stuttgart  |b Schäffer-Poeschel Verlag  |c 2003 
300 |a x, 262 s. 
610 2 0 |a projekty 
610 2 0 |a projekty investičné 
610 2 0 |a financovanie 
610 2 0 |a rozvoj hospodársky 
610 2 0 |a rozvoj podniku 
610 2 0 |a štúdie prípadové 
700 1 |a Backhaus, Klaus 
700 1 |a Werthschulte, Holger